000 01098nam a2200277 a 4500
001 60587
003 BD-RjUL
005 20211209080848.0
008 170101s1988 cou b 001 0 eng
020 _a1555870856 (lib. bdg.) :
035 _a(BD-RjUL)60711
040 _aBD-RjUL
_cBD-RjUL
_dBD-RjUL
_beng
041 _aeng
082 0 0 _a382.456234
_223
_bSAA 1988
100 1 _aSanjian, Gregory S.,
_d1952-
_9180455
245 1 0 _aArms transfers to the Third World :
_bprobability models of superpower decisionmaking /
_cGregory S. Sanjian.
260 _aBoulder, Colo. :
_bL. Rienner Publishers,
_c1988.
300 _avii, 111 p. ;
_c24 cm.
490 1 _aMonograph series in world affairs
504 _aBibliography: p. 105-108. and index
650 0 _aMunitions
_zDeveloping countries
_xDecision making
_xMathematical models.
_9180456
650 0 _aArms transfers
_zUnited States
_xDecision making
_xMathematical models.
_9180457
650 0 _aArms transfers
_zSoviet Union
_xDecision making
_xMathematical models.
_9180458
830 0 _aMonograph series in world affairs
_9180459
942 _2ddc
_cBK
999 _c60587
_d60587